000 01265fam a2200349 a 4500
001 2075221
003 OSt
005 20100219064402.0
008 930319s1994 nyua 001 0 eng
010 _a 93007702
020 _a0393964604
035 _a(OCoLC)27938173
035 _a(OCoLC)ocm27938173
035 _a(NNC)2075221
040 _aDLC
_cDLC
_dDLC
050 0 0 _aHA29
_b.M2463 1994
082 0 0 _a519.5
_220
100 1 _aMansfield, Edwin.
245 1 0 _aStatistics for business and economics :
_bmethods and applications /
_cEdwin Mansfield.
250 _a5th ed.
260 _aNew York :
_bNorton,
_cc1994.
300 _a725, [136] p. :
_bill. ;
_c24 cm.
500 _aIncludes index.
650 0 _aSocial sciences
_xStatistical methods.
650 0 _aCommercial statistics.
650 0 _aEconomics
_xStatistical methods.
650 0 _aStatistics.
942 _2lcc
_cBK
999 _c39245
_d39245